| 000 | 01410nam a2200277Ia 4500 | ||
|---|---|---|---|
| 999 |
_c38002 _d38002 |
||
| 001 | 3986 | ||
| 003 | GE_BSU | ||
| 005 | 20190909163947.0 | ||
| 008 | 181216s2001||||ge |||||||||||||| ||geo|| | ||
| 020 | _a99928-32-24-X | ||
| 040 | _cGE_BSU | ||
| 041 | _ageo | ||
| 080 | _a327+327.39 ს–26 | ||
| 100 |
_aსანიკიძე, გიორგი _93936 |
||
| 245 |
_aთანამედროვე საერთაშორისო ურთიერთობები : _bმსოფლიო პოლიტიკის გლობალიზაცია : სახელმძღვ. სოციალ. მეცნ. მაგისტრანტებისათვის / _cრედ.: ლია კაჭარავა; ფონდი ღია საზოგადოება - საქართველო. |
||
| 245 | _bდამხმ. სახელმძღვ. | ||
| 260 | _aთბილისი | ||
| 260 | _b”მერიდიანი” | ||
| 260 | _c2001 | ||
| 300 |
_a218 გვ.; _b19 სმ. |
||
| 653 | _aსაერთაშორისო ურთიერთობები | ||
| 653 | _aპოლიტიკის გლობალიზაცია | ||
| 700 |
_aკიღურაძე, ნინო _eავტორი _91005 |
||
| 700 |
_aკაჭარავა, ლია _eრედაქტორი _93937 |
||
| 942 |
_cBK _2udc |
||